01169 2200265 4500001002100000005001500021035002000036007000300056008004100059020002200100082001800122084002400140100002800164245007200192250001400264300004100278700002400319505041000343600001600753264003400769336003100803337003000834338002300864990001600887INLIS00000000000008120210204103114 a0010-0121000076ta210204 b j ind  a978-602-252-623-0 a200-207-019-0 a200-207-019-0 OLM p0 aOlman DahuriePengarang1 aPenerus Dakwah Di Negeri Ba'labak :bNabi Ilyasa AS /cOlman Dahuri aCetakan I ai, 46 Halaman :bAgama ;c28 x 21 cm0 aTim EmirePengarang aPemuda itu bernama Ilyasa. Tubuhnya lemas tak berdaya di atas tempat tidur. Ia sudah lama menderita sakit keras. Ibunya sudah membawanya ke berbagai tempat, namun Ilyasa tak kunjung sembuh. Sampai suatu ketika mereka kedatangan tamu, yang bermaksud bersembunyi di kediaman mereka. Tamu itu adalah Nabi Ilyas AS. Bagaimana kisah Ilyasa selanjutnya? Mari kita simak bersama kisah Nabi Ilyasa AS di buku ini. 4aCerita Anak aYogyakarta :bErlangga,c2015 aTeks Bergambar2rdacontent aTanpa Perantara2rdamedia aVolume2rdacarrier a00000000381